[Event "Portugal Open 2020"]
[Site "Lisboa POR"]
[Date "2020.01.28"]
[Round "5.65"]
[White "García Ortega, Manuel"]
[Black "Candeias, Humberto"]
[Result "1/2-1/2"]
[ECO "A40"]
[WhiteElo "1705"]
[BlackElo "1921"]
[WhiteFideId "2227533"]
[BlackFideId "1903454"]
[WhiteCountry "ESP"]
[BlackCountry "POR"]
[PlyCount "109"]
[EventDate "2020.01.25"]

1. d4 g6 2. g3 Bg7 3. Bg2 c5 4. Nf3 Nf6 5. O-O O-O 6. c3 cxd4 7. Nxd4 Nc6 8. e4
Nxd4 9. cxd4 d6 10. Bf4 Qb6 11. Qd2 Ng4 12. Rd1 e5 13. dxe5 dxe5 14. Be3 Nxe3
15. Qxe3 Qxe3 16. fxe3 Bg4 17. Rd2 Bh6 18. Kf2 f5 19. h3 fxe4+ 20. Ke1 Bf3 21.
Nc3 Bxe3 22. Rc2 Rac8 23. a4 Rfd8 24. Rb1 Rd4 25. Ra1 Rcd8 26. Rb1 Rd2 27. Rxd2
Rxd2 28. Bf1 Kg7 29. b4 Rc2 30. Ne2 Kf6 31. Rb3 Bd4 32. a5 a6 33. h4 Ke6 34. Kd1
Ra2 35. Rxf3 exf3 36. Nxd4+ Kd5 37. Nxf3 h6 38. Nd2 Kd4 39. Bg2 e4 40. Bxe4
Rxd2+ 41. Kxd2 Kxe4 42. Kc3 Kf3 43. Kc4 Kxg3 44. Kc5 Kxh4 45. Kb6 g5 46. Kxb7 g4
47. Kxa6 g3 48. b5 g2 49. b6 g1=Q 50. b7 Qf1+ 51. Ka7 Qb5 52. a6 Qc5+ 53. Ka8
Qc6 54. Ka7 Qc7 55. Ka8 1/2-1/2

[Event "Portugal Open 2020"]
[Site "Lisboa POR"]
[Date "2020.01.28"]
[Round "5.66"]
[White "Fernandes, Afonso"]
[Black "Batista, Sandro"]
[Result "1-0"]
[ECO "A45"]
[WhiteElo "1905"]
[BlackElo "1741"]
[WhiteFideId "1914138"]
[BlackFideId "1908561"]
[WhiteCountry "POR"]
[BlackCountry "POR"]
[PlyCount "69"]
[EventDate "2020.01.25"]

1. d4 Nf6 2. Bf4 e6 3. e3 b6 4. Nf3 Bb7 5. h4 Bd6 6. Bxd6 cxd6 7. Bd3 Nc6 8. c3
Rc8 9. Nbd2 d5 10. Qe2 O-O 11. g4 Nxg4 12. Bxh7+ Kxh7 13. Ng5+ Kh6 14. Qxg4 Qf6
15. Rh3 Qf5 16. Qg2 Ba6 17. e4 dxe4 18. Ngxe4 Qh5 19. f3 d5 20. Nf2 e5 21. Ng4+
Kh7 22. Kf2 exd4 23. Rg1 Rg8 24. Rg3 Kh8 25. c4 Ne5 26. Nxe5 Qxe5 27. Rg5 Qe3+
28. Kf1 g6 29. Qg4 Qxd2 30. Qh5+ Kg7 31. Rxg6+ fxg6 32. Qxg6+ Kf8 33. Qf6+ Ke8
34. Rxg8+ Kd7 35. Rg7+ 1-0

[Event "Portugal Open 2020"]
[Site "Lisboa POR"]
[Date "2020.01.28"]
[Round "5.67"]
[White "Sakthivel, Heamish Kanha"]
[Black "Lopez De Turiso, José Angel"]
[Result "1-0"]
[ECO "C88"]
[WhiteElo "1584"]
[BlackElo "1893"]
[WhiteFideId "25644890"]
[BlackFideId "2207680"]
[WhiteTitle " "]
[WhiteCountry "IND"]
[BlackCountry "ESP"]
[PlyCount "113"]
[EventDate "2020.01.25"]

1. e4 e5 2. Nf3 Nc6 3. Bb5 a6 4. Ba4 Nf6 5. O-O Be7 6. Re1 b5 7. Bb3 O-O 8. c3
d6 9. h3 a5 10. a4 b4 11. d4 Ba6 12. d5 Na7 13. c4 Nd7 14. Nbd2 Nc8 15. Bc2 Ncb6
16. b3 Nc5 17. Nf1 Bf6 18. Ne3 g6 19. Ng4 Bg7 20. Bh6 f5 21. Bxg7 Kxg7 22. exf5
gxf5 23. Ne3 Bc8 24. Nh2 Qg5 25. Qd2 Kh8 26. Nf3 Qf6 27. Nf1 Rg8 28. N3h2 f4 29.
Kh1 f3 30. g4 Qh4 31. Re3 Rf8 32. Nxf3 Qxh3+ 33. N3h2 Qh4 34. Rg3 Rf4 35. Qe2 h6
36. Kg2 Qg5 37. Nd2 Bd7 38. Nhf3 Bxg4 39. Qe3 Rxf3 40. Nxf3 Qxe3 41. fxe3 Bxf3+
42. Kxf3 Rf8+ 43. Ke2 e4 44. Rh1 Rf6 45. Rh4 Kh7 46. Bxe4+ Nxe4 47. Rxe4 Rf7 48.
Re6 Nd7 49. Rgg6 Nc5 50. Rxh6+ Kg7 51. Reg6+ Kf8 52. Rh8+ Ke7 53. Rc8 Kd7 54.
Rgg8 Nxb3 55. Rgf8 Nc1+ 56. Kd2 Nb3+ 57. Kc2 1-0

[Event "Portugal Open 2020"]
[Site "Lisboa POR"]
[Date "2020.01.28"]
[Round "5.69"]
[White "Türk, Philipp"]
[Black "Alves, Fernando"]
[Result "1-0"]
[ECO "C50"]
[WhiteElo "2106"]
[BlackElo "1702"]
[WhiteFideId "4628152"]
[BlackFideId "1905678"]
[WhiteCountry "GER"]
[BlackCountry "POR"]
[PlyCount "51"]
[EventDate "2020.01.25"]

1. e4 e5 2. Nf3 Nc6 3. Bc4 Be7 4. O-O Nf6 5. d4 O-O 6. dxe5 Nxe4 7. Re1 Ng5 8.
Bf4 Ne6 9. Bg3 Na5 10. Bd5 c6 11. Bxe6 dxe6 12. Nbd2 b6 13. Qe2 c5 14. Rad1 Qc7
15. Ne4 Bb7 16. Nf6+ Kh8 17. Rd7 Qxd7 18. Nxd7 Rfd8 19. Nf6 h6 20. Ne4 Bc6 21.
Nd6 Kg8 22. Rd1 Nb7 23. Bh4 Bxf3 24. Qxf3 Bxh4 25. Qxf7+ Kh8 26. Qxb7 1-0

[Event "Portugal Open 2020"]
[Site "Lisboa POR"]
[Date "2020.01.28"]
[Round "5.71"]
[White "Guia, Artur"]
[Black "Azinheira, André"]
[Result "1-0"]
[ECO "A45"]
[WhiteElo "1928"]
[BlackElo "1634"]
[WhiteFideId "1946781"]
[BlackFideId "1931920"]
[WhiteCountry "POR"]
[BlackCountry "POR"]
[PlyCount "73"]
[EventDate "2020.01.25"]

1. d4 Nf6 2. Bg5 g6 3. Bxf6 exf6 4. c4 Bg7 5. Nc3 O-O 6. e3 b6 7. Be2 Bb7 8. Bf3
Nc6 9. Nge2 f5 10. O-O Na5 11. Bxb7 Nxb7 12. Qd3 Re8 13. Rfd1 c6 14. Rac1 Qe7
15. a3 Rad8 16. b4 Nd6 17. b5 Ne4 18. a4 Qh4 19. Nxe4 fxe4 20. Qb3 Kh8 21. c5
Rb8 22. bxc6 dxc6 23. Qc4 Rec8 24. Ng3 Qe7 25. cxb6 axb6 26. d5 cxd5 27. Qxc8+
Rxc8 28. Rxc8+ Bf8 29. Rxd5 Kg7 30. Rdd8 Qb4 31. Rxf8 Qxa4 32. Rfd8 h5 33. h4
Qa1+ 34. Kh2 f5 35. Rc6 b5 36. Rd7+ Kh6 37. Nxf5# 1-0

[Event "Portugal Open 2020"]
[Site "Lisboa POR"]
[Date "2020.01.28"]
[Round "5.73"]
[White "Miranda, Raúl"]
[Black "Pipiras, Filipa"]
[Result "0-1"]
[ECO "B23"]
[WhiteElo "1662"]
[BlackElo "1876"]
[WhiteFideId "1960660"]
[BlackFideId "1944894"]
[WhiteCountry "POR"]
[BlackCountry "POR"]
[PlyCount "86"]
[EventDate "2020.01.25"]

1. e4 c5 2. Nc3 e6 3. g3 d5 4. Bg2 d4 5. Nce2 e5 6. d3 Nc6 7. f4 exf4 8. Nxf4
Nf6 9. Nf3 Bd6 10. O-O O-O 11. Nh3 h6 12. c3 Rb8 13. Bd2 Re8 14. cxd4 cxd4 15.
Qc1 Bd7 16. Bxh6 gxh6 17. Qxh6 Bf8 18. Qg5+ Bg7 19. e5 Ng4 20. Qh5 Ncxe5 21.
Nxe5 Nxe5 22. Ng5 Bg4 23. Qh7+ Kf8 24. Qh4 Be2 25. Qf4 Bxf1 26. Rxf1 Qd7 27. Bh3
Qd5 28. Bg2 Qxa2 29. Be4 Rbd8 30. h4 Kg8 31. Qf5 Rd6 32. Qh7+ Kf8 33. Qf5 Ke7
34. Nh7 f6 35. h5 Qe6 36. Qf2 Qh3 37. Bg6 Rh8 38. Bf5 Qxh5 39. Qc2 Rc6 40. Qb3
b6 41. Qb4+ Ke8 42. Qxd4 Rxh7 43. g4 Qh2# 0-1

[Event "Portugal Open 2020"]
[Site "Lisboa POR"]
[Date "2020.01.28"]
[Round "5.74"]
[White "Garcia Salvador, Carlos"]
[Black "Marcos Herrero, Francisco"]
[Result "1/2-1/2"]
[ECO "B36"]
[WhiteElo "1650"]
[BlackElo "1861"]
[WhiteFideId "54555310"]
[BlackFideId "2279045"]
[WhiteCountry "ESP"]
[BlackCountry "ESP"]
[PlyCount "66"]
[EventDate "2020.01.25"]

1. e4 c5 2. Nf3 Nc6 3. d4 cxd4 4. Nxd4 g6 5. c4 Nf6 6. Nc3 d6 7. Be2 Nxd4 8.
Qxd4 Bg7 9. Be3 O-O 10. Qd2 a5 11. f3 a4 12. O-O Be6 13. Rac1 Qa5 14. Rfd1 Rfc8
15. Nd5 Qxd2 16. Rxd2 Bxd5 17. exd5 Nd7 18. b3 axb3 19. axb3 b5 20. Rdc2 Ra3 21.
cxb5 Rxc2 22. Rxc2 Rxb3 23. Kf2 Nc5 24. Bc4 Rb4 25. Ke2 Kf8 26. Bd3 f5 27. Bc4
Ke8 28. h4 Na4 29. Bd2 Rb1 30. Ra2 Nc3+ 31. Bxc3 Bxc3 32. h5 Rb4 33. Kd3 Be5
1/2-1/2

[Event "Portugal Open 2020"]
[Site "Lisboa POR"]
[Date "2020.01.28"]
[Round "5.75"]
[White "Rocha, Pedro Daniel"]
[Black "Van Ginkel, Henk"]
[Result "1-0"]
[ECO "A45"]
[WhiteElo "1615"]
[BlackElo "1855"]
[WhiteFideId "1943278"]
[BlackFideId "1036394"]
[WhiteCountry "POR"]
[BlackCountry "NED"]
[PlyCount "55"]
[EventDate "2020.01.25"]

1. d4 Nf6 2. Nc3 d6 3. e4 g6 4. Be2 Bg7 5. h4 h5 6. Bg5 Nc6 7. Qd2 e5 8. dxe5
Nxe5 9. O-O-O O-O 10. f4 Neg4 11. Bxg4 Bxg4 12. e5 Bxd1 13. exf6 Bxf6 14. Qxd1
Bxg5 15. fxg5 Qc8 16. Nd5 Qe6 17. Nf6+ Kg7 18. Nf3 Qe3+ 19. Kb1 Rfd8 20. Re1 Qf2
21. Re2 Qc5 22. a3 b5 23. Qd2 a5 24. b3 Kf8 25. Qc1 d5 26. Qf4 Qd6 27. Ne5 Kg7
28. Nxh5+ 1-0

[Event "Portugal Open 2020"]
[Site "Lisboa POR"]
[Date "2020.01.28"]
[Round "5.76"]
[White "Elias, Rúben"]
[Black "Almeida, José António"]
[Result "1-0"]
[ECO "B27"]
[WhiteElo "1837"]
[BlackElo "1538"]
[WhiteFideId "1906453"]
[BlackFideId "1958143"]
[WhiteCountry "POR"]
[BlackCountry "POR"]
[PlyCount "93"]
[EventDate "2020.01.25"]

1. e4 c5 2. Nf3 g6 3. d4 cxd4 4. Nxd4 Bg7 5. c4 Nc6 6. Be3 Nf6 7. Nc3 O-O 8. Be2
d6 9. O-O Nxd4 10. Bxd4 Be6 11. Qd2 Nd7 12. Bxg7 Kxg7 13. Qd4+ Kg8 14. Rfd1 Qb6
15. Qd2 Rac8 16. b3 Ne5 17. Nd5 Bxd5 18. Qxd5 Rfd8 19. Rac1 Qc6 20. Qd4 Qc5 21.
Qb2 e6 22. Bf1 Ng4 23. h3 Qe5 24. Qxe5 Nxe5 25. f4 Nc6 26. Rd2 Kf8 27. Rcd1 Ke7
28. Kf2 e5 29. g3 Nd4 30. h4 b6 31. b4 h6 32. Bd3 f6 33. Ke3 Ke6 34. g4 Rh8 35.
Rf2 Nc6 36. a3 Nd4 37. fxe5 dxe5 38. Rdf1 Rcf8 39. c5 bxc5 40. bxc5 Rh7 41. Bc4+
Ke7 42. Rb1 Rd8 43. Rb7+ Rd7 44. Rfb2 Kd8 45. Rb8+ Kc7 46. Bd5 Nc6 47. R2b7# 1-0

[Event "Portugal Open 2020"]
[Site "Lisboa POR"]
[Date "2020.01.28"]
[Round "5.77"]
[White "Oliveira, António Augusto"]
[Black "Pfeiffer, Noah"]
[Result "0-1"]
[ECO "B01"]
[WhiteElo "1568"]
[BlackElo "1825"]
[WhiteFideId "1943235"]
[BlackFideId "241881"]
[WhiteCountry "POR"]
[BlackCountry "BEL"]
[PlyCount "85"]
[EventDate "2020.01.25"]

1. e4 d5 2. exd5 Qxd5 3. Nc3 Qd6 4. Nf3 Nf6 5. d4 c6 6. Bc4 Bg4 7. O-O e6 8. Qd3
Bxf3 9. Qxf3 Be7 10. Be3 O-O 11. Ne4 Nxe4 12. Qxe4 Nd7 13. c3 Nf6 14. Qf3 Nd5
15. Bxd5 Qxd5 16. Qxd5 cxd5 17. Bf4 Rfc8 18. Rfe1 Rc6 19. Kf1 Rac8 20. Ke2 Rb6
21. Rab1 Ra6 22. a3 b5 23. Kd3 h6 24. g4 Rac6 25. Rbc1 a5 26. f3 Kh7 27. h3 Ra8
28. Ra1 Rac8 29. Rec1 Kg6 30. b4 Rc4 31. Bd2 a4 32. Rc2 Bf6 33. f4 Bxd4 34. f5+
exf5 35. gxf5+ Kxf5 36. Rf1+ Kg6 37. Be1 Bf6 38. h4 Kh7 39. Rf5 Rd8 40. Rg2 Rd7
41. h5 Re4 42. Rxd5 Rxd5+ 43. Kxe4 0-1

[Event "Portugal Open 2020"]
[Site "Lisboa POR"]
[Date "2020.01.28"]
[Round "5.78"]
[White "Fielding, Michael"]
[Black "Santos, Ana P"]
[Result "1-0"]
[ECO "C55"]
[WhiteElo "1781"]
[BlackElo "1543"]
[WhiteFideId "447269"]
[BlackFideId "1921550"]
[WhiteCountry "ENG"]
[BlackCountry "POR"]
[PlyCount "125"]
[EventDate "2020.01.25"]

1. e4 e5 2. Nf3 Nc6 3. Bc4 Nf6 4. d3 Bc5 5. O-O O-O 6. c3 h6 7. b4 Bb6 8. b5 Na5
9. Nxe5 d6 10. Nxf7 Rxf7 11. Bxf7+ Kxf7 12. Be3 Bxe3 13. fxe3 Kg8 14. h3 Bd7 15.
c4 Qe7 16. Qe1 b6 17. Nc3 Re8 18. Rf3 Nb7 19. Nd5 Nxd5 20. exd5 Rf8 21. Rxf8+
Qxf8 22. d4 Na5 23. Qe2 Qf5 24. Rf1 Qg6 25. Rf3 Bf5 26. Qf2 Be4 27. Rg3 Qf5 28.
Qf4 Qxf4 29. exf4 Nxc4 30. Rc3 Bxd5 31. a4 Kf7 32. g4 Kf6 33. Kf2 g6 34. Kg3 h5
35. Rc2 hxg4 36. hxg4 g5 37. f5 Bf7 38. Rh2 Kg7 39. Re2 Kf6 40. Rh2 Kg7 41. Re2
Na5 42. Re7 c6 43. Rxa7 cxb5 44. axb5 Kf6 45. Rd7 Nc4 46. Rc7 d5 47. Rc6+ Ke7
48. Rc7+ Ke8 49. f6 Be6 50. Re7+ Kf8 51. Rxe6 Kf7 52. Rc6 Kg6 53. Kf2 Kf7 54.
Ke2 Kg6 55. Kd3 Nb2+ 56. Kc3 Nc4 57. Kd3 Nb2+ 58. Kc3 Nd1+ 59. Kd2 Nf2 60. Rxb6
Nxg4 61. Rc6 Nxf6 62. Rxf6+ Kxf6 63. b6 1-0

[Event "Portugal Open 2020"]
[Site "Lisboa POR"]
[Date "2020.01.28"]
[Round "5.79"]
[White "Chávez Dulce, Angie"]
[Black "Gomes, Tiago Miguel"]
[Result "1-0"]
[ECO "C53"]
[WhiteElo "1771"]
[BlackElo "1182"]
[WhiteFideId "4407059"]
[BlackFideId "1936204"]
[WhiteCountry "COL"]
[BlackCountry "POR"]
[PlyCount "37"]
[EventDate "2020.01.25"]

1. e4 e5 2. Nf3 Nc6 3. Bc4 Bc5 4. c3 Nge7 5. d4 exd4 6. cxd4 Bb4+ 7. Bd2 d5 8.
exd5 Bxd2+ 9. Nbxd2 Nxd5 10. O-O O-O 11. Re1 Bg4 12. a3 Nb6 13. Be2 Nxd4 14.
Nxd4 Bxe2 15. Nxe2 Qf6 16. Qc2 Rad8 17. Rad1 Rd7 18. Ne4 Rxd1 19. Nxf6+ 1-0

[Event "Portugal Open 2020"]
[Site "Lisboa POR"]
[Date "2020.01.28"]
[Round "5.80"]
[White "Gama, João Tiago"]
[Black "Aguiar, Carlos"]
[Result "0-1"]
[ECO "B33"]
[WhiteElo "1214"]
[BlackElo "1764"]
[WhiteFideId "1961160"]
[BlackFideId "1902571"]
[WhiteCountry "POR"]
[BlackCountry "POR"]
[PlyCount "41"]
[EventDate "2020.01.25"]

1. e4 c5 2. Nf3 Nc6 3. d4 cxd4 4. Nxd4 Nf6 5. Nc3 e6 6. Bg5 Be7 7. Bc4 a6 8. O-O
Qc7 9. Bb3 O-O 10. f4 Nxd4 11. Qxd4 Bc5 12. Rad1 Bxd4+ 13. Rxd4 b5 14. e5 Nd5
15. Nxd5 exd5 16. Be7 Bb7 17. Bd6 Qb6 18. Rfd1 Rfe8 19. Kh1 Rac8 20. R1d3 Rc4
21. Bxc4 0-1

[Event "Portugal Open 2020"]
[Site "Lisboa POR"]
[Date "2020.01.28"]
[Round "5.82"]
[White "Montero Montero, Juan José"]
[Black "Dias, Leonardo Ribeiro"]
[Result "1-0"]
[ECO "A00"]
[WhiteElo "1744"]
[BlackElo "1113"]
[WhiteFideId "22202080"]
[BlackFideId "1949845"]
[WhiteTitle " "]
[WhiteCountry "ESP"]
[BlackCountry "POR"]
[PlyCount "83"]
[EventDate "2020.01.25"]

1. b3 e5 2. Bb2 Nc6 3. e3 d5 4. Bb5 Bd7 5. Bxc6 Bxc6 6. Bxe5 Qg5 7. Nf3 Qg6 8.
O-O O-O-O 9. d4 Bd6 10. Qd3 Nf6 11. Bxd6 Rxd6 12. Qxg6 hxg6 13. Ne5 Rf8 14. f3
Nd7 15. Nxc6 Rxc6 16. Na3 Nf6 17. Rfc1 Rc3 18. Kf2 Re8 19. Re1 a6 20. Rac1 c5
21. Nb1 cxd4 22. Nxc3 dxc3 23. Rcd1 g5 24. Rd3 g4 25. Rxc3+ Kd7 26. Rd3 Kc6 27.
Rd4 gxf3 28. gxf3 Kc5 29. c4 b5 30. cxd5 Nxd5 31. Rc1+ Kd6 32. e4 Re5 33. Rxd5+
Rxd5 34. exd5 Kxd5 35. Rc7 Ke6 36. Rc6+ Kf5 37. Rxa6 g5 38. Ra5 Kg6 39. Rxb5 f6
40. a4 Kh5 41. Kg3 Kg6 42. a5 1-0

[Event "Portugal Open 2020"]
[Site "Lisboa POR"]
[Date "2020.01.28"]
[Round "5.83"]
[White "Pourquet, Matthieu"]
[Black "Vera Cruz, Aguinaldo"]
[Result "1-0"]
[ECO "C26"]
[WhiteElo "2198"]
[BlackElo "1498"]
[WhiteFideId "20654642"]
[BlackFideId "23600250"]
[WhiteCountry "FRA"]
[BlackCountry "CPV"]
[PlyCount "37"]
[EventDate "2020.01.25"]

1. e4 e5 2. Nc3 Nf6 3. f4 Nc6 4. fxe5 Nxe5 5. d4 Ng6 6. e5 Ng8 7. Nf3 d6 8. Bc4
Be6 9. d5 Bg4 10. e6 f5 11. Bb5+ Ke7 12. h3 Bxf3 13. Qxf3 a6 14. Qxf5 Nf6 15.
Bg5 axb5 16. Ne4 Ke8 17. Bxf6 gxf6 18. Nxf6+ Ke7 19. Ng8+ 1-0

[Event "Portugal Open 2020"]
[Site "Lisboa POR"]
[Date "2020.01.28"]
[Round "5.84"]
[White "Abdurramane, Dánial"]
[Black "Bornand, Herbert"]
[Result "1/2-1/2"]
[ECO "A46"]
[WhiteElo "1499"]
[BlackElo "1722"]
[WhiteFideId "1962523"]
[BlackFideId "1313207"]
[WhiteCountry "POR"]
[BlackCountry "SUI"]
[PlyCount "80"]
[EventDate "2020.01.25"]

1. d4 Nf6 2. Nf3 e6 3. e3 b6 4. Bd3 Bb7 5. Nbd2 c5 6. b3 Nc6 7. Bb2 Rc8 8. c4 d5
9. O-O Be7 10. a3 a5 11. Qc2 h6 12. Ne5 dxc4 13. bxc4 cxd4 14. Nxc6 Bxc6 15.
exd4 Qc7 16. h3 g5 17. Rac1 Bxg2 18. Kxg2 Qf4 19. Ne4 g4 20. Qe2 Rg8 21. h4 Nxe4
22. Qxe4 Qxe4+ 23. Bxe4 Bxh4 24. Rc3 f5 25. Bc2 Bf6 26. Ba4+ Kf7 27. Rc2 Rg5 28.
Rh1 Kg7 29. Re1 Kf7 30. Bd7 Rc7 31. Bxe6+ Kg6 32. Rh1 f4 33. Rhc1 f3+ 34. Kg3 h5
35. d5 Be7 36. a4 Bd6+ 37. Kh4 Be7 38. Kg3 Bd6+ 39. Kh4 Be7 40. Kg3 Bd6+ 1/2-1/2

[Event "Portugal Open 2020"]
[Site "Lisboa POR"]
[Date "2020.01.28"]
[Round "5.85"]
[White "Asvestopoulou, Evdokia"]
[Black "Correia, Mário Lino"]
[Result "1-0"]
[ECO "A43"]
[WhiteElo "1688"]
[BlackElo "1453"]
[WhiteFideId "4219198"]
[BlackFideId "1967517"]
[WhiteCountry "GRE"]
[BlackCountry "POR"]
[PlyCount "67"]
[EventDate "2020.01.25"]

1. d4 c5 2. d5 f5 3. c4 Nf6 4. Nc3 g6 5. g3 d6 6. Bg2 Bg7 7. Nf3 O-O 8. O-O Nbd7
9. Rb1 Ne5 10. b3 Qc7 11. Qc2 e6 12. Ng5 Re8 13. Rd1 Nf7 14. dxe6 Bxe6 15. Nxf7
Qxf7 16. Bf4 Bf8 17. Rd3 Rad8 18. Rbd1 Qc7 19. Nb5 Qb6 20. Nxd6 Bxd6 21. Rxd6
Rxd6 22. Rxd6 Qa5 23. Bxb7 Qe1+ 24. Kg2 Ne4 25. Bxe4 fxe4 26. Qd2 Bh3+ 27. Kxh3
Qf1+ 28. Kh4 Qxf2 29. Qd5+ Kh8 30. Be5+ Rxe5 31. Qxe5+ Kg8 32. Rd8+ Kf7 33. Rd7+
Kg8 34. Qg7# 1-0

[Event "Portugal Open 2020"]
[Site "Lisboa POR"]
[Date "2020.01.28"]
[Round "5.86"]
[White "Palhas, Miguel Brando"]
[Black "Alves, Luís"]
[Result "0-1"]
[ECO "B02"]
[WhiteElo "1490"]
[BlackElo "1686"]
[WhiteFideId "1961349"]
[BlackFideId "1903110"]
[WhiteCountry "POR"]
[BlackCountry "POR"]
[PlyCount "74"]
[EventDate "2020.01.25"]

1. e4 Nf6 2. Nc3 d6 3. d4 g6 4. Bc4 Bg7 5. Nge2 O-O 6. O-O Nxe4 7. Nxe4 d5 8.
Bd3 dxe4 9. Bxe4 a5 10. a4 Nd7 11. g3 Nf6 12. Bg2 c6 13. c3 Bg4 14. h3 Be6 15.
Nf4 Bc4 16. Re1 Rc8 17. b3 Ba6 18. Ba3 Re8 19. Ra2 Qc7 20. Nd3 Bxd3 21. Qxd3
Rcd8 22. Rae2 e6 23. Bc1 Qb6 24. Qc4 h6 25. Rb2 Nd5 26. Kh2 Kh7 27. Rbe2 Rc8 28.
h4 Red8 29. h5 g5 30. Be4+ Kg8 31. Bc2 Nf6 32. Qd3 c5 33. Bb2 c4 34. Qf3 cxb3
35. Bd3 Qc6 36. Qxc6 bxc6 37. Re5 Ng4+ 0-1

[Event "Portugal Open 2020"]
[Site "Lisboa POR"]
[Date "2020.01.28"]
[Round "5.87"]
[White "Counhago, Edgar"]
[Black "Maissa, Susana"]
[Result "1-0"]
[ECO "E61"]
[WhiteElo "1682"]
[BlackElo "1361"]
[WhiteFideId "1964275"]
[BlackFideId "1954202"]
[WhiteCountry "POR"]
[BlackCountry "POR"]
[PlyCount "37"]
[EventDate "2020.01.25"]

1. d4 Nf6 2. c4 g6 3. Nc3 d5 4. Nf3 Bg7 5. g3 O-O 6. Bg2 c6 7. O-O Na6 8. a3 Nc7
9. c5 Nd7 10. Bf4 Ne6 11. Be3 b6 12. cxb6 axb6 13. Qd2 Bb7 14. Bh6 Re8 15. Bh3
Bxh6 16. Qxh6 Ng7 17. Bxd7 Qxd7 18. Ng5 f6 19. Qxh7+ 1-0

[Event "Portugal Open 2020"]
[Site "Lisboa POR"]
[Date "2020.01.28"]
[Round "5.88"]
[White "Corrie, Michael"]
[Black "Barros, Arlindo"]
[Result "0-1"]
[ECO "A45"]
[WhiteElo "1423"]
[BlackElo "1671"]
[WhiteFideId "2631067"]
[BlackFideId "23600640"]
[WhiteCountry "CAN"]
[BlackCountry "CPV"]
[PlyCount "38"]
[EventDate "2020.01.25"]

1. d4 Nf6 2. Bf4 c5 3. e3 e6 4. Nf3 d5 5. c3 a6 6. Bd3 Be7 7. Nbd2 Nc6 8. h3 O-O
9. h4 Nh5 10. Bxh7+ Kxh7 11. Ng5+ Bxg5 12. Qxh5+ Bh6 13. Nf3 f6 14. Bxh6 gxh6
15. Ng5+ Kg7 16. Qg4 fxg5 17. hxg5 Qxg5 18. Qxg5+ hxg5 19. O-O-O Rh8 0-1

[Event "Portugal Open 2020"]
[Site "Lisboa POR"]
[Date "2020.01.28"]
[Round "5.89"]
[White "Costa, Raul"]
[Black "Pena Barbeito, Rodrigo"]
[Result "1/2-1/2"]
[ECO "B23"]
[WhiteElo "1420"]
[BlackElo "1658"]
[WhiteFideId "1956868"]
[BlackFideId "22228055"]
[WhiteCountry "POR"]
[BlackCountry "ESP"]
[PlyCount "89"]
[EventDate "2020.01.25"]

1. e4 c5 2. Nc3 Nc6 3. f4 e6 4. Bc4 Nge7 5. d3 d5 6. Bb3 a6 7. Nf3 b5 8. exd5
exd5 9. a3 Bg4 10. h3 Bxf3 11. Qxf3 c4 12. Ba2 Nd4 13. Qf2 Nec6 14. O-O Be7 15.
Be3 Nf5 16. Bc5 O-O 17. dxc4 dxc4 18. Rad1 Bxc5 19. Qxc5 Qf6 20. Bb1 Nce7 21.
Ne4 Qxb2 22. Rd7 Rfc8 23. Qb4 Qxb4 24. axb4 Nc6 25. c3 g6 26. Nf6+ Kg7 27. Nh5+
Kf8 28. Bxf5 gxf5 29. Ng3 Ne7 30. Re1 Re8 31. Kf2 a5 32. bxa5 Rxa5 33. Rb7 Nd5
34. Nxf5 Nxc3 35. Rxe8+ Kxe8 36. Nd6+ Kf8 37. Rxf7+ Kg8 38. Rb7 Ra2+ 39. Kf3 Ra3
40. Kg4 Ne2 41. Rxb5 Rg3+ 42. Kh4 c3 43. Rc5 Rxg2 44. Ne4 Nxf4 45. Rxc3 1/2-1/2

[Event "Portugal Open 2020"]
[Site "Lisboa POR"]
[Date "2020.01.28"]
[Round "5.90"]
[White "Dong, Rafael"]
[Black "Artozqui Irurzun, Ernesto"]
[Result "1-0"]
[ECO "A34"]
[WhiteElo "1656"]
[BlackElo "1241"]
[WhiteFideId "1958038"]
[BlackFideId "54581826"]
[WhiteCountry "POR"]
[BlackCountry "ESP"]
[PlyCount "128"]
[EventDate "2020.01.25"]

1. c4 c5 2. Nc3 e6 3. Nf3 Nf6 4. g3 d5 5. cxd5 exd5 6. d4 h6 7. Bg2 Nc6 8. O-O
Qb6 9. e3 Be6 10. Na4 Qb5 11. Nxc5 Bxc5 12. dxc5 Qxc5 13. b3 O-O 14. Bb2 Ne4 15.
Nd4 Rad8 16. Rc1 Qb6 17. Nxe6 fxe6 18. Qg4 e5 19. Bxe4 dxe4 20. Qxe4 Rd2 21. Rc2
Rd7 22. Bxe5 Re8 23. Qc4+ Rf7 24. Bd4 Nxd4 25. Qxd4 Qg6 26. Rd2 b6 27. Qd3 Qe6
28. Qc4 Qe7 29. Rfd1 Qf6 30. Qf4 Qc6 31. Qa4 Qa8 32. Qxe8+ Qxe8 33. Rd8 Qxd8 34.
Rxd8+ Kh7 35. Kf1 Rc7 36. Kg2 Rc2 37. a3 Rc3 38. Ra8 a5 39. b4 Rxa3 40. bxa5
Rxa5 41. Rb8 b5 42. h4 Kg6 43. g4 Kf6 44. f4 g5 45. Rb6+ Ke7 46. f5 Kd7 47. hxg5
hxg5 48. f6 Kc7 49. f7 Ra8 50. Rxb5 Rf8 51. Rf5 Kd7 52. Kf3 Ke6 53. Ke4 Ke7 54.
Ke5 Rxf7 55. Rxf7+ Kxf7 56. Kf5 Kf8 57. Kxg5 Kg7 58. e4 Kg8 59. Kf6 Kf8 60. e5
Ke8 61. e6 Kf8 62. e7+ Kg8 63. e8=Q+ Kh7 64. Qg6+ Kh8 1-0

[Event "Portugal Open 2020"]
[Site "Lisboa POR"]
[Date "2020.01.28"]
[Round "5.91"]
[White "Dong, Fábio"]
[Black "Lança, Luis"]
[Result "1-0"]
[ECO "A22"]
[WhiteElo "1623"]
[BlackElo "1281"]
[WhiteFideId "1958020"]
[BlackFideId "1936450"]
[WhiteCountry "POR"]
[BlackCountry "POR"]
[PlyCount "39"]
[EventDate "2020.01.25"]

1. c4 e5 2. Nc3 Nf6 3. Nf3 Nc6 4. g3 Bc5 5. Bg2 d6 6. O-O O-O 7. d3 h6 8. a3 Ne7
9. b4 Bb6 10. Bb2 c6 11. Qc2 Bc7 12. b5 Ng6 13. a4 d5 14. bxc6 bxc6 15. cxd5
cxd5 16. Nb5 Bb8 17. Rfc1 Bd6 18. Qc6 Rb8 19. Qxd6 a6 20. Qxb8 1-0

[Event "Portugal Open 2020"]
[Site "Lisboa POR"]
[Date "2020.01.28"]
[Round "5.92"]
[White "Mões Joaquim, Carlos"]
[Black "Barros, Luís"]
[Result "0-1"]
[ECO "A50"]
[WhiteElo "1396"]
[BlackElo "1619"]
[WhiteFideId "1928104"]
[BlackFideId "23600110"]
[WhiteCountry "CPV"]
[BlackCountry "CPV"]
[PlyCount "62"]
[EventDate "2020.01.25"]

1. d4 Nf6 2. c4 d5 3. Nc3 e6 4. Nf3 Nc6 5. Bf4 Bd6 6. Bg3 Ne4 7. Nxe4 dxe4 8.
Nd2 Nxd4 9. Bxd6 Qxd6 10. Nxe4 Qb4+ 11. Nc3 e5 12. e3 Nc6 13. Qc2 Be6 14. b3 Rd8
15. Be2 g6 16. O-O Bf5 17. e4 Nd4 18. Qb2 Qxc3 19. Qxc3 Nxe2+ 20. Kh1 Nxc3 21.
exf5 gxf5 22. Rfe1 f6 23. f4 e4 24. a3 Ke7 25. Rac1 Rd3 26. h3 e3 27. Rc2 Kd6
28. Rec1 e2 29. c5+ Kc6 30. Kg1 Re8 31. b4 e1=Q+ 0-1

[Event "Portugal Open 2020"]
[Site "Lisboa POR"]
[Date "2020.01.28"]
[Round "5.93"]
[White "Tacuchian, Marcelo"]
[Black "Dias, José"]
[Result "1-0"]
[ECO "A36"]
[WhiteElo "1363"]
[BlackElo "1593"]
[WhiteFideId "1964208"]
[BlackFideId "1923943"]
[WhiteCountry "BRA"]
[BlackCountry "POR"]
[PlyCount "97"]
[EventDate "2020.01.25"]

1. c4 c5 2. Nc3 Nc6 3. g3 g6 4. Nf3 Bg7 5. d3 f5 6. Bg2 Nf6 7. Rb1 O-O 8. O-O a6
9. a4 Qe8 10. Bf4 h6 11. h4 e5 12. Be3 d6 13. Ne1 Kh7 14. Nc2 Qd8 15. b4 Ng4 16.
Bd2 f4 17. b5 axb5 18. axb5 Ne7 19. Be4 Nf5 20. Bxf5 Bxf5 21. Nd5 g5 22. f3 Nf6
23. Nxf6+ Qxf6 24. g4 gxh4 25. Rf2 Qg6 26. Rg2 Be6 27. Be1 Bf6 28. Bf2 Rg8 29.
Qf1 Rg7 30. Ra1 Rag8 31. Ra7 Bxc4 32. Na3 Bd5 33. Rh2 e4 34. dxe4 Bxe4 35. Nc4
Bd5 36. Nxd6 Bd4 37. Bxd4 cxd4 38. Rxh4 Qxd6 39. Qc1 Qf6 40. Qc2+ Rg6 41. Rh5
Qe6 42. Rf5 R8g7 43. Kf1 Bc4 44. Qd2 Qb6 45. Ra8 Bxb5 46. Rff8 Rc7 47. Rh8+ Kg7
48. Qxf4 Rf6 49. Rag8+ 1-0